Mujer y violencia en El Salvador
Kaydedildi:
| Materyal Türü: | Metin |
|---|---|
| Konular: | |
| Etiketler: |
Etiketle
Etiket eklenmemiş, İlk siz ekleyin!
|
MARC
| LEADER | 00000 a a2200000 04500 | ||
|---|---|---|---|
| 001 | 41649 | ||
| 003 | |||
| 040 | |||
| 245 | |a Mujer y violencia en El Salvador | ||
| 500 | |a Este texto fue publicado en la revista Palabra de Mujer, No. 1, editada por la Coordinación Nacional de la Mujer Salvadoreña, CONAMUS. Por razones de espacio se han omitido algunos párrafos y notas de pie de página dentro del artículo. | ||
| 650 | |a EL SALVADOR | ||
| 650 | |a VIOLENCIA CONTRA LAS MUJERES | ||
| 650 | |a CONFLICTOS SOCIALES | ||
| 773 | |g volumen15, número136 (1991). Páginas: 10-12 | ||
| 999 | |c 38495 |d 38495 | ||
